<?xml version="1.0" encoding="UTF-8"?><?xml-stylesheet type="text/xsl" href="static/style.xsl"?><OAI-PMH xmlns="http://www.openarchives.org/OAI/2.0/" xmlns:xsi="http://www.w3.org/2001/XMLSchema-instance" xsi:schemaLocation="http://www.openarchives.org/OAI/2.0/ http://www.openarchives.org/OAI/2.0/OAI-PMH.xsd"><responseDate>2026-04-18T07:36:52Z</responseDate><request verb="GetRecord" identifier="oai:www.recercat.cat:2117/105971" metadataPrefix="marc">https://recercat.cat/oai/request</request><GetRecord><record><header><identifier>oai:recercat.cat:2117/105971</identifier><datestamp>2025-07-23T04:51:49Z</datestamp><setSpec>com_2072_1033</setSpec><setSpec>col_2072_452951</setSpec></header><metadata><record xmlns="http://www.loc.gov/MARC21/slim" xmlns:dcterms="http://purl.org/dc/terms/" xmlns:xsi="http://www.w3.org/2001/XMLSchema-instance" xmlns:doc="http://www.lyncode.com/xoai" xsi:schemaLocation="http://www.loc.gov/MARC21/slim http://www.loc.gov/standards/marcxml/schema/MARC21slim.xsd">
   <leader>00925njm 22002777a 4500</leader>
   <datafield ind2=" " ind1=" " tag="042">
      <subfield code="a">dc</subfield>
   </datafield>
   <datafield ind2=" " ind1=" " tag="720">
      <subfield code="a">España Roch , Arántzazu </subfield>
      <subfield code="e">author</subfield>
   </datafield>
   <datafield ind2=" " ind1=" " tag="260">
      <subfield code="c">2017-05</subfield>
   </datafield>
   <datafield ind2=" " ind1=" " tag="520">
      <subfield code="a">La corrosión del acero de refuerzo es una de las principales causas de deterioro en las &#xd;
estructuras de hormigón. Las principales consecuencias de la corrosión de las armaduras &#xd;
son la reducción de la sección transversal de la barra, el desprendimiento y fisuración del &#xd;
recubrimiento y el deterioro de las características de adherencia entre el hormigón y el &#xd;
acero. Dichas consecuencias conllevan a la disminución de la capacidad portante máxima, &#xd;
la pérdida de la capacidad de servicio y la seguridad estructural. &#xd;
En la actualidad existen dos teorías sobre si afecta o no la fisuración en la corrosión de &#xd;
las armaduras, llegando a ser contradictorias. La normativa española, EHE‐08 (Gobierno &#xd;
de España, 2008) trata la fisuración con una de las teorías en el artículo 49º del Capítulo &#xd;
11, prescribiendo anchos de fisura variables en función del ambiente, que pueden llegar &#xd;
a condicionar el diseño, mientras que en el método del Anejo 9 no considera la influencia &#xd;
de la fisuración. &#xd;
Los códigos y normativas consideran que los criterios de durabilidad se deben satisfacer &#xd;
en términos de ancho de fisura, recubrimiento del hormigón y cantidad de cemento, los &#xd;
cuales deben ser satisfechos independientemente. Por este motivo, la fisuración  tiene &#xd;
una  gran  influencia  en  la  comprobación  de  la  durabilidad  y  limitar  la  fisura  es &#xd;
fundamental. Sin embargo, estos parámetros interactúan entre sí, abriendo la posibilidad &#xd;
de un diseño optimizado para una vida útil equivalente, no considerada en las normativas &#xd;
actuales,  que  pueden  hacer  que,  aunque  aparezcan  microfisuras,  la  estructura  siga &#xd;
teniendo la durabilidad adecuada para el tiempo para el que ha sido proyectado. &#xd;
El objetivo de este TFM es estudiar cómo afecta la fisura en el cálculo de la durabilidad y &#xd;
determinar cuáles son los criterios para un diseño optimizado, en el que se  tengan en &#xd;
cuenta factores como el recubrimiento y las características del hormigón, con un ancho &#xd;
de fisura menor que 0,5 mm. De este modo, se hará una comparativa sobre la armadura &#xd;
necesaria para cumplir con la normativa y la armadura necesaria en el caso del diseño &#xd;
optimizado.</subfield>
   </datafield>
   <datafield ind2=" " ind1=" " tag="520">
      <subfield code="a">Corrosion of reinforcing steel is one of the main causes which leads to the deterioration &#xd;
of concrete structures. The most significant consequences of above mentioned corrosion &#xd;
are:  the reduction of cross‐section of  the reinforcing bars, spalling, loss of bond stress &#xd;
and cracking of the concrete cover, which in turn, could affect the concrete load capacity, &#xd;
serviceability and structural safety. &#xd;
Currently, there are two theories concerning the influence of concrete cracking on the &#xd;
corrosion of steel reinforcement, which are contradictory. The Article 49 of the Spanish &#xd;
Code on Structural Concrete (EHE‐08) states that the crack width, which depends on the &#xd;
environment, has an influence on design process of the concrete structures. However, &#xd;
the crack width should not be considered as a parameter during the designing, according &#xd;
to the information, which is provided in Annex 9 of above mentioned code. &#xd;
Also, codes and standards state that the durability of concrete structure must meet the &#xd;
next requirements: established values concerning  the crack width, concrete cover and &#xd;
water/cement ratio. It should be highlighted that above mentioned parameters are to be &#xd;
considered  independently  of  each  other.    As  it  is  possible  to  notice,  cracking  of  the &#xd;
concrete has a significant influence on concrete design, therefore the reducing of crack &#xd;
widths is a crucial task. Nevertheless, above‐named parameters are closely interrelated &#xd;
what gives the opportunity to optimize the design for service life of the structure which &#xd;
permits  the  certain  appearance  of  microcracks  while  maintaining  the  appropriate &#xd;
durability for the established period of project. &#xd;
The  objective  of  this  research  is  to  study  the  cracks  influence  on  the  calculations &#xd;
concerning  the  durability  of  structure  in  order  to  determine  the main  criteria for  the &#xd;
optimized  design  method  which  considers  the  next  factors:  the  concrete  cover  and &#xd;
concrete type provided that the crack width is less than 0,5mm. For this purpose, it will &#xd;
be  made  a  comparative  between  the  required  reinforcement  to  comply  with  the &#xd;
regulations and the calculated amount of reinforcement obtained by optimized design.</subfield>
   </datafield>
   <datafield tag="653" ind2=" " ind1=" ">
      <subfield code="a">Àrees temàtiques de la UPC::Enginyeria civil::Materials i estructures</subfield>
   </datafield>
   <datafield tag="653" ind2=" " ind1=" ">
      <subfield code="a">Reinforced concrete</subfield>
   </datafield>
   <datafield tag="653" ind2=" " ind1=" ">
      <subfield code="a">Composite materials</subfield>
   </datafield>
   <datafield tag="653" ind2=" " ind1=" ">
      <subfield code="a">Durabilidad</subfield>
   </datafield>
   <datafield tag="653" ind2=" " ind1=" ">
      <subfield code="a">fisura</subfield>
   </datafield>
   <datafield tag="653" ind2=" " ind1=" ">
      <subfield code="a">recubrimiento</subfield>
   </datafield>
   <datafield tag="653" ind2=" " ind1=" ">
      <subfield code="a">vida útil</subfield>
   </datafield>
   <datafield tag="653" ind2=" " ind1=" ">
      <subfield code="a">hormigón</subfield>
   </datafield>
   <datafield tag="653" ind2=" " ind1=" ">
      <subfield code="a">armado</subfield>
   </datafield>
   <datafield tag="653" ind2=" " ind1=" ">
      <subfield code="a">pretensado</subfield>
   </datafield>
   <datafield tag="653" ind2=" " ind1=" ">
      <subfield code="a">ingeniería</subfield>
   </datafield>
   <datafield tag="653" ind2=" " ind1=" ">
      <subfield code="a">estructuras</subfield>
   </datafield>
   <datafield tag="653" ind2=" " ind1=" ">
      <subfield code="a">Formigó armat</subfield>
   </datafield>
   <datafield tag="653" ind2=" " ind1=" ">
      <subfield code="a">Materials compostos</subfield>
   </datafield>
   <datafield ind2="0" ind1="0" tag="245">
      <subfield code="a">Diseño óptimo de estructuras de hormigón armado y pretensado considerando la vida útil como requisito prestacional</subfield>
   </datafield>
</record></metadata></record></GetRecord></OAI-PMH>